Geometria diferentiala a congruentelor în spatiul eliptic /

Guardado en:
Autor Principal: Rosca, Radu.
Formato: Libro
Idioma:Romanian
Publicado: Bucuresti : Editura Academiei Republicii Socialiste România, 1969.
Etiquetas: Agregar Etiqueta
Sin Etiquetas, Sea el primero en etiquetar este registro!
LEADER 00555nam a22001695 4500
001 MAT.inmabb001940
008 810629s1969####rm#######b####000#0#rum#d
005 20170511160005.0
245 1 0 |a Geometria diferentiala a congruentelor în spatiul eliptic /  |c Radu Rosca. 
260 |a Bucuresti :  |b Editura Academiei Republicii Socialiste România,  |c 1969. 
300 |a 208 p. ;  |c 21 cm. 
504 |a Bibliografía: p. [205]-208. 
510 4 |a MR,  |c 41 #4409 
100 1 |a Rosca, Radu. 
084 |a 53.23  |2 MR 
010 |a  81463788  
859 |h 53  |i R791  |p A-3504  |b BIB. MATEMATICA